000 00753nam a22001815i 4500
001 165138
003 ES-MaACL
005 20230906213056.0
008 050816s1862 fr | |||||||| ||fre d
040 _aCAM
_bspa
_cCAM
100 1 _aSejour, Victor.
_9224146
245 1 4 _aLes mystères du temple
_b: drame en cinq actes et huit tableaux /
_cpar Victor Séjour.
260 _aParis :
_bMichel Lévy frères libraires éditeurs,
_c1862 (
_fImprimerie de L. Toinon et Cie)
300 _a171 p. ;
_c19 cm.
500 _aReprésenté pour la première fois à Paris, sur le théâtre de l'Ambigu-Comique, le 12 août 1862.
852 _aES-MaACL
_jT-727-F-6
_z-- Enc. hol. conservando la cub. original
_z-- Enc. en un vol. facticio
999 _c165138
_d165138